Т. 1: Материалы и нагрев. Оборудование. Ковка; Ковка и штамповка

Bibliografiske detaljer
Parent link:Ковка и штамповка: справочник в 4-х томах/ под ред. Е. И. Семенова. Т. 1: Материалы и нагрев. Оборудование. Ковка.— 2-е изд., перераб. и доп..— , 2010.— 978-5-217-03459-8
Summary:В первом томе изложены сведения о материалах и заготовках для ковки, штамповки. Рассмотрены вопросы деформирования стали и сплавов, подготовки поверхности металла и способы его разделения на заготовки, термические режимы ковки и объемной штамповки.Во 2-м издании (1-е изд. 1985 г.) впервые даны сведения о металлических порошках для прессования, значительно переработаны разделы по пламенным печам и электронагреву перед ковкой и штамповкой, разделы ковочно-штамповочного оборудования, механизации и автоматизации технологических процессов и проектирования ковки и штамповки, контроля качества поковок, материалы по термической обработке поковок, особенностям ковки инструментальных и жаропрочных сталей, цветных сплавов, технико-экономическим показателям кузнечных и листоштамповочных цехов, охране труда и т.д. Предназначен для инженерно-технических работников машиностроительных предприятий, может быть полезен преподавателям и студентам втузов.
Sprog:russisk
Udgivet: 2010
Fag:
Format: MixedMaterials Bog
KOHA link:https://koha.lib.tpu.ru/cgi-bin/koha/opac-detail.pl?biblionumber=184427

MARC

LEADER 00000nam2a2200000 4500
001 184427
005 20231101223837.0
010 |a 9785217034604 
035 |a (RuTPU)RU\TPU\book\200009 
090 |a 184427 
100 |a 20100908d2010 km y0rusy50 ca 
101 0 |a rus 
102 |a RU 
105 |a a g 001zy 
200 0 |a Т. 1: Материалы и нагрев. Оборудование. Ковка 
210 |d 2010 
215 |a 717 с.  |c ил. 
320 |a Библиогр.: с. 714-716. 
320 |a Условные обозначения: с. 7-8. 
330 |a В первом томе изложены сведения о материалах и заготовках для ковки, штамповки. Рассмотрены вопросы деформирования стали и сплавов, подготовки поверхности металла и способы его разделения на заготовки, термические режимы ковки и объемной штамповки.Во 2-м издании (1-е изд. 1985 г.) впервые даны сведения о металлических порошках для прессования, значительно переработаны разделы по пламенным печам и электронагреву перед ковкой и штамповкой, разделы ковочно-штамповочного оборудования, механизации и автоматизации технологических процессов и проектирования ковки и штамповки, контроля качества поковок, материалы по термической обработке поковок, особенностям ковки инструментальных и жаропрочных сталей, цветных сплавов, технико-экономическим показателям кузнечных и листоштамповочных цехов, охране труда и т.д. Предназначен для инженерно-технических работников машиностроительных предприятий, может быть полезен преподавателям и студентам втузов. 
461 1 |0 (RuTPU)RU\TPU\book\204541  |y 978-5-217-03459-8  |t Ковка и штамповка  |o справочник в 4-х томах  |f под ред. Е. И. Семенова  |v Т. 1: Материалы и нагрев. Оборудование. Ковка  |e 2-е изд., перераб. и доп.  |d 2010 
606 1 |a Кузнечно-штамповочное производство  |2 stltpush  |3 (RuTPU)RU\TPU\subj\16645  |9 42597 
610 1 |a ковка 
610 1 |a штамповка 
610 1 |a заготовки 
610 1 |a детали 
610 1 |a материалы 
610 1 |a сталь 
610 1 |a сплавы 
610 1 |a деформирование 
610 1 |a металлические поверхности 
610 1 |a объемная штамповка 
610 1 |a термический режим 
610 1 |a пламенные печи 
610 1 |a нагрев 
610 1 |a электронагрев 
610 1 |a электронагревательные установки 
610 1 |a ковочно-штамповочное оборудование 
610 1 |a механизация 
610 1 |a автоматизация 
610 1 |a технологические процессы 
610 1 |a автоматическое проектирование 
610 1 |a стальные поковки 
610 1 |a молоты 
610 1 |a прессы 
610 1 |a инструментальные стали 
610 1 |a жаропрочные стали 
610 1 |a технико-экономические показатели 
610 1 |a кузнечные цеха 
610 1 |a листоштамповочные цехи 
610 1 |a охрана труда 
610 1 |a справочники 
675 |a 621.735(035)  |v 3 
801 1 |a RU  |b 63413507  |c 20100908 
801 2 |a RU  |b 63413507  |c 20150616  |g RCR 
942 |c BK 
959 |a 60/20100908  |d 1  |e 2500,00  |f ЧЗТЛ:1